000 00386nam a22001577a 4500
020 _a0-340-69987-6
082 _a823
_bOLD/S
100 _aOLDFIELD, JENNY
245 _aSOPHIE THE SHOW-OFF
_bSHORT STORY
246 _aSOPHIE THE SHOW- OFF
_bSHORT STORY
260 _aLONDON
_bHODDER HEADLINE PIC
_c1988
300 _a121
520 _aSHORT STORY
650 _aSHORT STORY
942 _cBK
999 _c2071
_d2071